| 000 | 00458nam a22001577a 4500 | ||
|---|---|---|---|
| 008 | 240306b |||||||| |||| 00| 0 eng d | ||
| 020 | _a1557860718 | ||
| 050 | _aHG221.3.C65 1994. | ||
| 100 |
_aCowen Tyler. _952539 |
||
| 245 |
_aThe explorations in the new monetary economics; _cTyler Cowen. |
||
| 260 |
_aUSA; _bBlackwell _c1994 |
||
| 300 |
_avii; _b200p, _c24cm. |
||
| 650 |
_vMoney, _948497 |
||
| 650 |
_vmonetary policy _941232 |
||
| 942 |
_2lcc _cMONOGRAPH |
||
| 999 |
_c131831 _d131831 |
||